1990s Movies A-Z IV Quiz Stats

 Plays Quiz Updated Nov 21, 2019

Score 0/24 Timer 06:00
30 Plays Today
% Correct
Apollo 13
94.6%
Mission: Impossible
91.9%
Groundhog Day
91.7%
Chaplin
88.3%
The Sixth Sense
88.2%
Pocahontas
87.9%
The Truman Show
85.3%
The Nutty Professor
84.9%
Hook
84.4%
Basic Instinct
79.5%
The Fifth Element
65.3%
JFK
63.8%
% Correct
Leaving Las Vegas
63.4%
Dick Tracy
63.1%
Eyes Wide Shut
57.9%
Vegas Vacation
48.4%
What About Bob?
42.4%
Universal Soldier
38.9%
Rushmore
36%
October Sky
34.3%
Quigley Down Under
29.3%
Kids
23.9%
The Insider
22.2%
Zeus & Roxanne
4.1%

You're not logged in!

Compare scores with friends on all Sporcle quizzes.
OR
Log In

Sporcle TV

Today on Sporcle TV


Watch our educational content, quiz creation guides, and fun videos on Sporcle TV.

Show Comments

Extras

Top Quizzes Today


Score Distribution

Your Account Isn't Verified!

In order to create a playlist on Sporcle, you need to verify the email address you used during registration. Go to your Sporcle Settings to finish the process.

Report this User

Report this user for behavior that violates our Community Guidelines.

Details: